| 000 | 00861nam a22001697a 4500 | ||
|---|---|---|---|
| 003 | SGT | ||
| 020 | _a9788122434101 | ||
| 082 | _a539.7,ROY | ||
| 100 | _aROY,R.R | ||
| 245 | _aNUCLEAR PHYSICS | ||
| 250 | _a2ND | ||
| 260 |
_aNEW DELHI _bNEW AGE INTERNATIONAL _c2016 |
||
| 300 | _a587 | ||
| 650 | _aMODERN PHYSICS | ||
| 653 | _aNUCLEAR SIZE AND NUCLEAR SHAPES, THE TWO-NUCLEON PROBLEM, PHENOMENOLOGY OF THE TWO-NUCLEON INTERACTION, SEMI-EMPIRICAL MASS FORMULAS AND NUCLEAR FISSION, NUCLEAR REACTIONS I: COMPOUND NUCLEUS AND STATISTICAL MODEL, NUCLEARE MODEL I : NUCLEARE-SHELL MODEL, NUCLEAR MODEL II: UNIFIED (COLLECTIVE) MODEL, MANY -BODY TREATMENT OF THE NUCLEUS, NUCLEAR REACTIONS II: OPTICAL MODEL, NUCLEAR REACTIONS III: DIRECT REACTIONS, ELECTROMAGNETIC INTERACTIONS WITH NUCLEI, BETA DECAY, APPENDIX A : MATHEMATICAL PRELIMINARIES., | ||
| 942 |
_2ddc _cFPS |
||
| 999 |
_c9379 _d9379 |
||